Akta Syarikat 1965 (Akta 125) : (hingga 10hb Jun 2008)

Bibliographic Details
Corporate Authors: Malaysia, International Law Book Services. Lembaga Penyelidikan Undang-Undang
Format: Book
Language:Malay
Published: Petaling Jaya : ILBS , 2008
Subjects:

MARC

LEADER 00000cam a2200000 7i4500
001 0000022237
005 20090210.0
008 090210 my # may
020 |a 9789678919135 
040 |a INS 
090 0 0 |a KPG956.A311983   |b M4 2008 
110 1 |a Malaysia 
240 0 0 |a [Akta Syarikat 1965 (Akta 125)] 
245 1 0 |a Akta Syarikat 1965 (Akta 125) :   |b (hingga 10hb Jun 2008)   |c disusun oleh Lembaga Penyelidikan Undang-Undang 
260 |a Petaling Jaya :   |b ILBS ,   |c 2008 
300 |a xx, 398 p. ;   |c 24 cm. 
650 0 0 |a Consolidation and merger of corporations   |z Malaysia 
650 0 0 |a Corporation law   |z Malaysia 
710 1 |a International Law Book Services. Lembaga Penyelidikan Undang-Undang 
740 0 |a Undang-Undang Malaysia 
999 |a 0000020503   |b BOOK   |c Open Shelf   |e Default branch